| 000 | 01055nam a2200253 4500 | ||
|---|---|---|---|
| 005 | 20240530111002.0 | ||
| 008 | 231127s2007 jo ak f 000 0 ara d | ||
| 017 |
_a2004/6/1421 _bالمملكة الاردنية الهاشمية. دائرة المكتبة الوطنية |
||
| 040 |
_aEG-CaGPL _cEG-CaGPL |
||
| 082 | 4 | 0 |
_221 _a692.5 _bأ ح |
| 100 | 0 | _aاحمد حسين ابو عودة | |
| 245 | 1 | 0 |
_aحساب الكميات والمواصفات : _bالجزء الثانى / _cاعداد احمد حسين ابو عودة |
| 250 | _aط.1 | ||
| 260 |
_aعمان : _bمكتبة المجتمع العربى للنشر والتوزيع، _c2007. |
||
| 300 |
_a219 ص. : _bايض ؛ _c24 سم. |
||
| 490 | 0 |
_aالهندسة المدنية، _v6. |
|
| 650 | 7 | 0 |
_2qrmak _aالهندسة الانشائية |
| 650 | 7 | 0 |
_2qrmak _aالتحليل الانشائى |
| 650 | 7 | 0 |
_2qrmak _aالمواد الهندسية |
| 650 | 7 | 0 |
_2qrmak _aالتصميم الانشائى |
| 651 | _2qrmak | ||
| 942 |
_2ddc _cBK |
||
| 999 |
_c67200 _d67200 |
||